000
00287nam a22001337a 4500
003
SGT
082
_a
616.89
100
_a
DUKES, CHRIS
245
_a
BUILDING BETTER BCHARIOUR IN EARLY YEAR
260
_a
LONDON
_b
SAGE
_c
2009
300
_a
101
650
_a
PSYCHOLOGY
942
_2
ddc
_c
BK
999
_c
10461
_d
10461